[Event "24. Acropolis 2009"]
[Site "Chalkida GRE"]
[Date "2009.08.13"]
[Round "4.24"]
[White "Aggelis, Nikolaos"]
[Black "Papadopoulos, Ioannis K"]
[Result "0-1"]
[WhiteElo "2296"]
[BlackElo "2450"]
[PlyCount "72"]
[EventDate "2009.08.10"]
[EventType "swiss"]
[EventRounds "9"]
[EventCountry "GRE"]
[Source "lmi"]
[SourceDate "2009.08.10"]

1. d4 Nf6 2. g3 d5 3. Bg2 c6 4. Nd2 Bf5 5. Ngf3 h6 6. b3 e6 7. Bb2 Nbd7 8. O-O
Be7 9. c4 O-O 10. Ne5 Ne4 11. Nxe4 dxe4 12. Nxd7 Qxd7 13. e3 Bh7 14. Qc2 f5 15.
Rad1 Rad8 16. f3 exf3 17. Bxf3 f4 18. e4 fxg3 19. hxg3 e5 20. d5 Rxf3 21. Rxf3
Qg4 22. Qe2 Bc5+ 23. Bd4 Qxe4 24. Qxe4 Bxe4 25. Re3 Bxd4 26. Rxd4 exd4 27. Rxe4
cxd5 28. Rxd4 Kf7 29. cxd5 Rd7 30. Kf2 Kf6 31. Ke3 Ke5 32. Ra4 b6 33. Rg4 Kxd5
34. Rg6 Ke5 35. a4 Re7 36. g4 Re6 0-1

[Event "24. Acropolis 2009"]
[Site "Chalkida GRE"]
[Date "2009.08.13"]
[Round "4.26"]
[White "Makropoulou, Marina"]
[Black "Georgiadis, Ioannis"]
[Result "0-1"]
[WhiteElo "2245"]
[BlackElo "2438"]
[PlyCount "74"]
[EventDate "2009.08.10"]
[EventType "swiss"]
[EventRounds "9"]
[EventCountry "GRE"]
[Source "lmi"]
[SourceDate "2009.08.10"]

1. e4 c5 2. Nf3 d6 3. d4 Nf6 4. Nc3 cxd4 5. Nxd4 a6 6. Bg5 e6 7. f4 Be7 8. Qf3
Qc7 9. Bd3 Nbd7 10. O-O-O h6 11. Bh4 g5 12. fxg5 Ne5 13. Qe2 Nfg4 14. Kb1 hxg5
15. Bg3 Bd7 16. h3 Nf6 17. Bf2 O-O-O 18. Be3 g4 19. Bg5 gxh3 20. gxh3 Rdg8 21.
h4 Be8 22. Rhg1 Nh5 23. Bxe7 Rxg1 24. Rxg1 Qxe7 25. Qf2 Qf6 26. Nf5 exf5 27.
Nd5 Qd8 28. Bxa6 Kb8 29. Be2 Nf6 30. Qxf5 Nxd5 31. exd5 Qxh4 32. b3 Bd7 33. Qf1
f5 34. Bb5 Bc8 35. Qc1 Qb4 36. a4 f4 37. Rf1 Rf8 0-1

[Event "24. Acropolis 2009"]
[Site "Chalkida GRE"]
[Date "2009.08.13"]
[Round "4.27"]
[White "Stavrianakis, Ioannis"]
[Black "Foisor, Cristina Adela B"]
[Result "1-0"]
[WhiteElo "2240"]
[BlackElo "2424"]
[PlyCount "143"]
[EventDate "2009.08.10"]
[EventType "swiss"]
[EventRounds "9"]
[EventCountry "GRE"]
[Source "lmi"]
[SourceDate "2009.08.10"]

1. d4 g6 2. Nf3 Bg7 3. c3 d6 4. e4 Nf6 5. Qc2 O-O 6. Be2 c5 7. dxc5 dxc5 8. O-O
Nc6 9. Bf4 Bd7 10. Nbd2 Nh5 11. Be3 b6 12. Nc4 Qc7 13. Rfd1 Rad8 14. Qc1 Bc8
15. Rxd8 Rxd8 16. a4 Bb7 17. Qc2 Nf4 18. Bf1 Nb8 19. Na3 a6 20. Nc4 Ne6 21. Ng5
Nf8 22. Qb3 e6 23. Qxb6 Qxb6 24. Nxb6 h6 25. Nf3 Bxe4 26. Be2 g5 27. h3 Ng6 28.
Bxc5 Nf4 29. Bd1 f5 30. Ne1 Kf7 31. f3 Bc6 32. Be3 Nd3 33. Nxd3 Rxd3 34. Bf2 h5
35. Bb3 Rd2 36. Nc4 Rd7 37. Rd1 Bd5 38. Na5 Bf6 39. Bxd5 exd5 40. Rd2 Be5 41.
Nb3 g4 42. fxg4 fxg4 43. hxg4 hxg4 44. Nc5 Rd8 45. Bd4 Bg3 46. Rd3 Bc7 47. b4
Rg8 48. Kf2 Rg5 49. Ke2 Rh5 50. Be3 Bg3 51. Bg1 Bd6 52. b5 axb5 53. axb5 Re5+
54. Kd2 Rh5 55. Kc2 Rf5 56. Rd1 g3 57. Bd4 Bxc5 58. Bxc5 Nd7 59. Bd4 Ke7 60.
Rh1 Rf8 61. Kb3 Rb8 62. Kb4 Ra8 63. Rh3 Ra1 64. b6 Rb1+ 65. Ka5 Nb8 66. Rxg3
Nc6+ 67. Ka6 Kd7 68. Rg7+ Kd6 69. Kb7 Nxd4 70. cxd4 Rb4 71. Kc8 Rxd4 72. Rd7+
1-0

[Event "24. Acropolis 2009"]
[Site "Chalkida GRE"]
[Date "2009.08.13"]
[Round "4.28"]
[White "Bozinakis, Pavlos"]
[Black "Peptan, Corina-Isabela"]
[Result "0-1"]
[WhiteElo "2148"]
[BlackElo "2392"]
[PlyCount "88"]
[EventDate "2009.08.10"]
[EventType "swiss"]
[EventRounds "9"]
[EventCountry "GRE"]
[Source "lmi"]
[SourceDate "2009.08.10"]

1. e4 c5 2. Nc3 e6 3. g3 Nc6 4. Bg2 Nf6 5. Nge2 d5 6. exd5 exd5 7. d4 cxd4 8.
Nxd4 Be7 9. O-O O-O 10. Be3 Bg4 11. Qd2 Qd7 12. Nb3 Rad8 13. Bd4 Nxd4 14. Qxd4
a6 15. Rfe1 Be6 16. Rad1 Qc7 17. Rd2 Rd7 18. Bf3 Rfd8 19. Rde2 Bf8 20. g4 h6
21. h4 Ne4 22. Kg2 Be7 23. Nxe4 dxe4 24. Qxe4 Bxh4 25. c3 Bf6 26. Qb4 Be7 27.
Qa4 Bf6 28. Qb4 b6 29. Qa4 a5 30. Qc6 Qxc6 31. Bxc6 Rd6 32. Bf3 a4 33. Nd4 Bxd4
34. cxd4 Bxa2 35. Re8+ Rxe8 36. Rxe8+ Kh7 37. Re4 b5 38. Rf4 g5 39. Re4 Bc4 40.
Kg3 Re6 41. Re3 Rxe3 42. fxe3 b4 43. d5 Kg7 44. d6 Kf8 0-1

[Event "24. Acropolis 2009"]
[Site "Chalkida GRE"]
[Date "2009.08.13"]
[Round "4.29"]
[White "Zawadzka, Jolanta"]
[Black "Kaforos, Dimitrios Alkis"]
[Result "1/2-1/2"]
[WhiteElo "2387"]
[BlackElo "2203"]
[PlyCount "116"]
[EventDate "2009.08.10"]
[EventType "swiss"]
[EventRounds "9"]
[EventCountry "GRE"]
[Source "lmi"]
[SourceDate "2009.08.10"]

1. e4 c6 2. d4 d5 3. e5 Bf5 4. Nf3 e6 5. Be2 Be7 6. Nbd2 h5 7. Nb3 Nd7 8. O-O
g5 9. Be3 g4 10. Ne1 f6 11. Nd3 Kf7 12. f3 g3 13. hxg3 Bxd3 14. cxd3 fxe5 15.
dxe5 Nxe5 16. f4 Ng4 17. Bxg4 hxg4 18. Qxg4 Nf6 19. Qf3 Qg8 20. Bd4 Qg6 21.
Bxf6 Bxf6 22. f5 exf5 23. Qxf5 Qxf5 24. Rxf5 Kg6 25. Rf2 Be5 26. Re1 Bxg3 27.
Re6+ Kg5 28. Rf7 Bh2+ 29. Kf2 Raf8 30. Ref6 Bd6 31. Rxf8 Rxf8 32. Rxf8 Bxf8 33.
Na5 Bc5+ 34. Kf3 Kf5 35. Nxb7 Bb6 36. b4 Ke5 37. Ke2 Bd4 38. Na5 Kd6 39. Kd2
Bb6 40. Nb3 Ke5 41. Kc3 Bf2 42. a3 Be1+ 43. Kc2 Bf2 44. Kd2 Bb6 45. Ke2 Kf4 46.
Nc5 Kg3 47. Kf1 Kf4 48. Kf2 a5 49. g3+ Kg4 50. Kg2 axb4 51. axb4 Bc7 52. Ne6
Bd6 53. Nd4 Bxb4 54. Nxc6 Bd6 55. d4 Bxg3 56. Ne7 Bb8 57. Nxd5 Ba7 58. Nf6+ Kf5
1/2-1/2

[Event "24. Acropolis 2009"]
[Site "Chalkida GRE"]
[Date "2009.08.13"]
[Round "4.30"]
[White "Lomineishvili, Maia"]
[Black "Dounis, Alexandros"]
[Result "1-0"]
[WhiteElo "2427"]
[BlackElo "2186"]
[PlyCount "79"]
[EventDate "2009.08.10"]
[EventType "swiss"]
[EventRounds "9"]
[EventCountry "GRE"]
[Source "lmi"]
[SourceDate "2009.08.10"]

1. d4 Nf6 2. c4 g6 3. Nc3 d5 4. Bg5 Bg7 5. e3 c5 6. dxc5 Qa5 7. Bxf6 Bxf6 8.
Rc1 dxc4 9. Bxc4 O-O 10. Nf3 Qxc5 11. Qe2 Qa5 12. O-O Nc6 13. Nd5 Bg7 14. b4
Nxb4 15. Qe1 Nc6 16. Nxe7+ Kh8 17. Nxc6 Qxe1 18. Rfxe1 bxc6 19. Ng5 Kg8 20. Bb3
h6 21. Ne4 a5 22. Rxc6 Bb7 23. Nf6+ Kh8 24. Rb6 a4 25. Bc4 Bc8 26. Ne4 Ra5 27.
Rd1 Bf5 28. Nd6 Rc5 29. Bxf7 Rd8 30. Be8 Be6 31. Bxa4 Kh7 32. Kf1 Bxa2 33. Bb3
Bxb3 34. Rxb3 Rc2 35. Rb7 Rf8 36. Ne4 Kg8 37. Rdd7 Bh8 38. Rb6 Ra8 39. Rxg6+
Kf8 40. g3 1-0

[Event "24. Acropolis 2009"]
[Site "Chalkida GRE"]
[Date "2009.08.13"]
[Round "4.32"]
[White "Pavlidis, Anastasios"]
[Black "Galopoulos, Panagiotis"]
[Result "1/2-1/2"]
[WhiteElo "2348"]
[BlackElo "2161"]
[PlyCount "58"]
[EventDate "2009.08.10"]
[EventType "swiss"]
[EventRounds "9"]
[EventCountry "GRE"]
[Source "lmi"]
[SourceDate "2009.08.10"]

1. d4 Nf6 2. c4 e6 3. Nf3 Bb4+ 4. Nbd2 b6 5. a3 Bxd2+ 6. Qxd2 Bb7 7. e3 a5 8.
Be2 a4 9. O-O O-O 10. Qc2 Ne4 11. Nd2 f5 12. f3 Nxd2 13. Bxd2 d6 14. Rac1 Nd7
15. Bd3 Qh4 16. g3 Qh5 17. e4 e5 18. exf5 Bxf3 19. Bc3 Rae8 20. Rce1 exd4 21.
Bxd4 Bc6 22. Be4 Bxe4 23. Rxe4 Rxe4 24. Qxe4 Re8 25. Qc6 Re2 26. Qd5+ Qf7 27.
Qa8+ Qe8 28. Qd5+ Qf7 29. Qa8+ Qe8 1/2-1/2

[Event "24. Acropolis 2009"]
[Site "Chalkida GRE"]
[Date "2009.08.13"]
[Round "4.33"]
[White "Burtasova, Anna"]
[Black "Kouvatsou, Maria"]
[Result "1-0"]
[WhiteElo "2325"]
[BlackElo "2156"]
[PlyCount "97"]
[EventDate "2009.08.10"]
[EventType "swiss"]
[EventRounds "9"]
[EventCountry "GRE"]
[Source "lmi"]
[SourceDate "2009.08.10"]

1. e4 e5 2. Bc4 Nc6 3. Nf3 Nf6 4. d3 Be7 5. Bb3 O-O 6. O-O d6 7. c3 d5 8. Qe2
Bg4 9. Nbd2 dxe4 10. dxe4 Nh5 11. h3 Nf4 12. Qe3 Be6 13. Nc4 Bxc4 14. Bxc4 Bd6
15. Rd1 Kh8 16. b4 Qc8 17. Ng5 Nd8 18. Qg3 Nde6 19. Nxe6 fxe6 20. Bf1 Qe8 21.
a3 Rf6 22. Kh2 Qc6 23. Qe3 Raf8 24. c4 b6 25. f3 a5 26. Bd2 Ra8 27. Bc3 Rff8
28. Qf2 Nh5 29. Qb2 axb4 30. axb4 Rxa1 31. Rxa1 Qe8 32. Bxe5 Qe7 33. Bxd6 Qxd6+
34. e5 Qe7 35. Qd2 Qh4 36. Qe3 Qg3+ 37. Kh1 Nf4 38. Qe1 Qg5 39. g3 Ng6 40. f4
Qd8 41. Rd1 Qa8+ 42. Bg2 Qa2 43. Qe4 Qb3 44. Rd3 Qxb4 45. Rd7 Qa3 46. Kh2 Qc5
47. Qc6 Qf2 48. Rxc7 Nxf4 49. Rf7 1-0

[Event "24. Acropolis 2009"]
[Site "Chalkida GRE"]
[Date "2009.08.13"]
[Round "4.34"]
[White "Filippas, Sebastian"]
[Black "Klinova, Masha"]
[Result "1/2-1/2"]
[WhiteElo "2224"]
[BlackElo "2312"]
[PlyCount "89"]
[EventDate "2009.08.10"]
[EventType "swiss"]
[EventRounds "9"]
[EventCountry "GRE"]
[Source "lmi"]
[SourceDate "2009.08.10"]

1. d4 d6 2. Nf3 Nf6 3. c4 g6 4. Nc3 Bg7 5. e4 O-O 6. Be2 e5 7. Be3 Nc6 8. d5
Ne7 9. Nd2 a5 10. c5 Ne8 11. Nc4 f5 12. f3 fxe4 13. fxe4 dxc5 14. Bxc5 b6 15.
Bf2 Nd6 16. O-O Bd7 17. Qd2 Nec8 18. a4 Nxc4 19. Bxc4 Nd6 20. Qd3 Qe7 21. Bb5
Bh6 22. Bc6 Rad8 23. Bxd7 Rxd7 24. Qh3 Bf4 25. Bh4 g5 26. Bf2 Qg7 27. Qd3 g4
28. Nb5 Qh6 29. Bg3 Rdf7 30. Bxf4 exf4 31. e5 Nxb5 32. axb5 f3 33. Rf2 Rf5 34.
Re1 Qf4 35. e6 Rh5 36. gxf3 gxf3 37. e7 Re8 38. Qxf3 Qxf3 39. Rxf3 Rxd5 40. Re2
Rg5+ 41. Kf1 Kg7 42. Rc3 Rxb5 43. Rxc7 Rf5+ 44. Ke1 Kf7 45. Kd2 1/2-1/2

[Event "24. Acropolis 2009"]
[Site "Chalkida GRE"]
[Date "2009.08.13"]
[Round "4.37"]
[White "Malikentzos, Sotirios"]
[Black "Gogolis, Alexandros"]
[Result "1/2-1/2"]
[WhiteElo "2148"]
[BlackElo "2275"]
[PlyCount "75"]
[EventDate "2009.08.10"]
[EventType "swiss"]
[EventRounds "9"]
[EventCountry "GRE"]
[Source "lmi"]
[SourceDate "2009.08.10"]

1. d4 d5 2. c4 c6 3. Nf3 Nf6 4. Nc3 a6 5. e3 Bf5 6. Bd3 Bxd3 7. Qxd3 e6 8. O-O
Be7 9. b3 Nbd7 10. Bb2 O-O 11. e4 dxe4 12. Nxe4 Nxe4 13. Qxe4 a5 14. Rfd1 Nf6
15. Qc2 a4 16. Ne5 axb3 17. Qxb3 Qc7 18. Rac1 Bd6 19. Nf3 Qe7 20. d5 cxd5 21.
Bxf6 Qxf6 22. cxd5 Ra3 23. Qxb7 Rxa2 24. Qd7 exd5 25. Rc8 g6 26. Rxf8+ Kxf8 27.
Qb5 Qb2 28. Qxb2 Rxb2 29. g3 Bc5 30. Rxd5 Bxf2+ 31. Kg2 Be3+ 32. Kh3 Rf2 33.
Ne5 Ra2 34. Rd7 f6 35. Ng4 Bg1 36. Nxf6 Rxh2+ 37. Kg4 h6 38. Nh7+ 1/2-1/2

[Event "24. Acropolis 2009"]
[Site "Chalkida GRE"]
[Date "2009.08.13"]
[Round "4.38"]
[White "Nikolaidis, Konstantinos"]
[Black "Ikonomopoulou, Maria"]
[Result "1/2-1/2"]
[WhiteElo "2270"]
[BlackElo "2052"]
[PlyCount "37"]
[EventDate "2009.08.10"]
[EventType "swiss"]
[EventRounds "9"]
[EventCountry "GRE"]
[Source "lmi"]
[SourceDate "2009.08.10"]

1. d4 Nf6 2. c4 e6 3. g3 d5 4. Bg2 dxc4 5. Nf3 Be7 6. O-O O-O 7. Qc2 a6 8. Qxc4
b5 9. Qc2 Bb7 10. Bd2 Bd6 11. Ng5 Bxg2 12. Kxg2 h6 13. Nf3 Nd5 14. e4 Nb6 15.
Be3 N8d7 16. Nbd2 Rc8 17. Rac1 c5 18. Qb1 c4 19. Rfe1 1/2-1/2

[Event "24. Acropolis 2009"]
[Site "Chalkida GRE"]
[Date "2009.08.13"]
[Round "4.39"]
[White "Petraki, Maria"]
[Black "Vragoteris, Antonios"]
[Result "1-0"]
[WhiteElo "2030"]
[BlackElo "2266"]
[PlyCount "53"]
[EventDate "2009.08.10"]
[EventType "swiss"]
[EventRounds "9"]
[EventCountry "GRE"]
[Source "lmi"]
[SourceDate "2009.08.10"]

1. e4 c5 2. Nc3 e6 3. f4 Nc6 4. Nf3 d5 5. Bb5 Nge7 6. exd5 exd5 7. Qe2 f6 8. d4
cxd4 9. Nxd4 Kf7 10. Nf3 a6 11. Bd3 Nb4 12. Be3 Nxd3+ 13. Qxd3 Bf5 14. Qd2 Rc8
15. O-O g6 16. Nd4 Be4 17. Rad1 Nf5 18. Nxf5 Bxf5 19. Qf2 Qa5 20. Bb6 Qb4 21.
Nxd5 Qxb2 22. Bd4 Qxc2 23. Rd2 Qc4 24. Nb6 Qc6 25. Nxc8 Qxc8 26. Qf3 Bb4 27.
Qb3+ 1-0

[Event "24. Acropolis 2009"]
[Site "Chalkida GRE"]
[Date "2009.08.13"]
[Round "4.40"]
[White "Manelidou, Maria"]
[Black "Khurtsilava, Inga"]
[Result "0-1"]
[WhiteElo "2008"]
[BlackElo "2261"]
[PlyCount "98"]
[EventDate "2009.08.10"]
[EventType "swiss"]
[EventRounds "9"]
[EventCountry "GRE"]
[Source "lmi"]
[SourceDate "2009.08.10"]

1. e4 c6 2. d4 d5 3. Nd2 dxe4 4. Nxe4 Nf6 5. Nxf6+ gxf6 6. c3 h5 7. Bd3 Nd7 8.
Ne2 Nb6 9. Bf4 Nd5 10. Bd2 a5 11. h3 Rg8 12. Nf4 Nxf4 13. Bxf4 Qd5 14. Qf3 Qxf3
15. gxf3 Be6 16. Ke2 h4 17. a3 a4 18. Rag1 Rh8 19. Bd2 b5 20. f4 Bd5 21. f3 e6
22. f5 e5 23. dxe5 fxe5 24. Bg5 Be7 25. f6 Bc5 26. Rg4 O-O-O 27. Bf5+ Kb7 28.
Rxh4 Rxh4 29. Bxh4 Bc4+ 30. Ke1 Be3 31. Rh2 Bf4 32. Rg2 Bb3 33. Bg3 Rd1+ 34.
Kf2 Rd6 35. Bxf4 exf4 36. h4 Rxf6 37. Be4 Be6 38. h5 Kc7 39. Rg5 Kd6 40. Bd3
Rh6 41. c4 bxc4 42. Bc2 f6 43. Rg2 Rxh5 44. Bxa4 Ra5 45. Bd1 c3 46. bxc3 Rxa3
47. Ke1 Rxc3 48. Rd2+ Bd5 49. Kf2 Ra3 0-1

[Event "24. Acropolis 2009"]
[Site "Chalkida GRE"]
[Date "2009.08.13"]
[Round "4.41"]
[White "Mamedjarova, Turkan"]
[Black "Efthimiadis, Ilias"]
[Result "1-0"]
[WhiteElo "2260"]
[BlackElo "1988"]
[PlyCount "95"]
[EventDate "2009.08.10"]
[EventType "swiss"]
[EventRounds "9"]
[EventCountry "GRE"]
[Source "lmi"]
[SourceDate "2009.08.10"]

1. d4 d5 2. Nf3 e6 3. Bf4 c5 4. e3 Nc6 5. c3 Nf6 6. Nbd2 cxd4 7. exd4 Bd6 8.
Bg3 O-O 9. Bd3 Re8 10. Ne5 Bxe5 11. dxe5 Nd7 12. Nf3 f6 13. exf6 Nxf6 14. Ne5
Qe7 15. O-O Nxe5 16. Bxe5 Bd7 17. f4 Ne4 18. Rf3 Rf8 19. Rh3 Rf5 20. Bxe4 dxe4
21. Qd4 Bc6 22. Rd1 Rf7 23. Rg3 g6 24. Rg5 Qe8 25. Qf2 Rd8 26. Bd4 e5 27. Rxe5
Qxe5 28. fxe5 Rxf2 29. Kxf2 Kf7 30. Ke3 a6 31. h4 Rd7 32. Rf1+ Ke8 33. c4 Rf7
34. Rd1 Rf5 35. Bc3 g5 36. hxg5 Rxg5 37. Rh1 h5 38. Kf4 Rxg2 39. Rxh5 Rf2+ 40.
Ke3 Rf3+ 41. Ke2 Kf7 42. Rh7+ Kg6 43. Rh8 Rf7 44. Bb4 Rh7 45. Rf8 Rf7 46. Rd8
Rd7 47. Rc8 Rh7 48. e6 1-0

[Event "24. Acropolis 2009"]
[Site "Chalkida GRE"]
[Date "2009.08.13"]
[Round "4.42"]
[White "Grapsa, Georgia"]
[Black "Ozturk, Kubra"]
[Result "0-1"]
[WhiteElo "2083"]
[BlackElo "2256"]
[PlyCount "78"]
[EventDate "2009.08.10"]
[EventType "swiss"]
[EventRounds "9"]
[EventCountry "GRE"]
[Source "lmi"]
[SourceDate "2009.08.10"]

1. d4 d5 2. Nf3 Nf6 3. c4 dxc4 4. e3 e6 5. Bxc4 a6 6. O-O b5 7. Bd3 c5 8. dxc5
Bxc5 9. a4 b4 10. Qe2 O-O 11. e4 Nc6 12. Bg5 e5 13. Qc2 Nd4 14. Nxd4 Bxd4 15.
Nd2 Be6 16. Nf3 Rc8 17. Qd2 Bxb2 18. Qxb2 Qxd3 19. Bxf6 gxf6 20. Qxb4 Rc4 21.
Qe7 Qd8 22. Qb7 a5 23. Rfd1 Rxa4 24. Rac1 Rc4 25. Ra1 Qa8 26. Qe7 Rxe4 27. Qxf6
Rg4 28. Nh4 a4 29. f3 Rg7 30. Qxe5 Qa7+ 31. Kh1 a3 32. Nf5 Rg6 33. Nh4 Rg7 34.
Nf5 Bxf5 35. Qxf5 Rg6 36. Rd3 Qf2 37. Rg1 a2 38. Ra3 Rb8 39. Qd5 Qxg2+ 0-1

[Event "24. Acropolis 2009"]
[Site "Chalkida GRE"]
[Date "2009.08.13"]
[Round "4.43"]
[White "Sowray, Peter J"]
[Black "Rigopoulos-Tsigkos, Alexandros"]
[Result "1/2-1/2"]
[WhiteElo "2335"]
[BlackElo "2017"]
[PlyCount "53"]
[EventDate "2009.08.10"]
[EventType "swiss"]
[EventRounds "9"]
[EventCountry "GRE"]
[Source "lmi"]
[SourceDate "2009.08.10"]

1. d4 d5 2. c4 dxc4 3. e3 e6 4. Bxc4 Nf6 5. Nf3 c5 6. Qe2 cxd4 7. exd4 Be7 8.
O-O O-O 9. Nc3 Nc6 10. Rd1 Nb4 11. Bf4 Nbd5 12. Be5 b6 13. Rac1 Bb7 14. Bd3 Rc8
15. Bb1 Qd7 16. Re1 Rfd8 17. Qd3 g6 18. Qd2 Bf8 19. Qg5 Bg7 20. Qh4 h6 21. Ne4
Nxe4 22. Bxg7 Kxg7 23. Rxc8 Qxc8 24. Bxe4 Nf6 25. Bxb7 Qxb7 26. Qf4 Qd5 27. a3
1/2-1/2

[Event "24. Acropolis 2009"]
[Site "Chalkida GRE"]
[Date "2009.08.13"]
[Round "4.44"]
[White "Simeonidis, Ioannis"]
[Black "Sanchez Castillo, Sarai"]
[Result "1/2-1/2"]
[WhiteElo "2266"]
[BlackElo "2202"]
[PlyCount "76"]
[EventDate "2009.08.10"]
[EventType "swiss"]
[EventRounds "9"]
[EventCountry "GRE"]
[Source "lmi"]
[SourceDate "2009.08.10"]

1. Nf3 d5 2. c4 e6 3. d4 c6 4. g3 dxc4 5. Bg2 b5 6. O-O Nf6 7. a4 Bb7 8. b3
cxb3 9. Qxb3 b4 10. a5 Be7 11. Rd1 Qd5 12. Qa4 Qb5 13. Ne5 Qxa4 14. Rxa4 Nd5
15. e4 Nc7 16. Bf4 Nb5 17. a6 Nxa6 18. Nxc6 Bxc6 19. Rxa6 Bb7 20. Ra5 a6 21. d5
Bd8 22. Ra4 a5 23. Bf1 Ba6 24. dxe6 fxe6 25. Be5 O-O 26. Bc4 Ra7 27. Bxe6+ Kh8
28. f4 Bb6+ 29. Kg2 Bb7 30. Bd5 Rd8 31. Kf3 h6 32. Rd2 Bxd5 33. Rxd5 Rxd5 34.
exd5 Rd7 35. Ke4 Kg8 36. Nd2 Nc3+ 37. Bxc3 bxc3 38. Nb3 Kf7 1/2-1/2

[Event "24. Acropolis 2009"]
[Site "Chalkida GRE"]
[Date "2009.08.13"]
[Round "4.45"]
[White "Karlovich, Anastazia"]
[Black "Kourousis, Epaminondas"]
[Result "1/2-1/2"]
[WhiteElo "2211"]
[BlackElo "2237"]
[PlyCount "35"]
[EventDate "2009.08.10"]
[EventType "swiss"]
[EventRounds "9"]
[EventCountry "GRE"]
[Source "lmi"]
[SourceDate "2009.08.10"]

1. e4 c5 2. Nf3 Nc6 3. Bb5 e6 4. Bxc6 bxc6 5. d3 d6 6. e5 d5 7. Qe2 Ne7 8. b3
Nf5 9. Bb2 Be7 10. Nbd2 h5 11. h3 Qb6 12. O-O-O a5 13. a4 Ba6 14. g4 Nd4 15.
Nxd4 cxd4 16. gxh5 c5 17. Rhg1 Bf8 18. Rg3 1/2-1/2

[Event "24. Acropolis 2009"]
[Site "Chalkida GRE"]
[Date "2009.08.13"]
[Round "4.46"]
[White "Skaperdas, Kostantinos"]
[Black "Vospernik, Andrej"]
[Result "1/2-1/2"]
[WhiteElo "2222"]
[BlackElo "2170"]
[PlyCount "55"]
[EventDate "2009.08.10"]
[EventType "swiss"]
[EventRounds "9"]
[EventCountry "GRE"]
[Source "lmi"]
[SourceDate "2009.08.10"]

1. e4 d5 2. exd5 Nf6 3. d4 Qxd5 4. Nc3 Qa5 5. Bd2 c6 6. Bc4 Bf5 7. Nge2 e6 8.
Ng3 Bg6 9. h4 h6 10. Nd5 Qd8 11. Nf4 Bh7 12. Qe2 Nd5 13. O-O-O Nxf4 14. Bxf4
Bd6 15. Bxd6 Qxd6 16. Qg4 O-O 17. Nh5 g6 18. Rhe1 Nd7 19. Bxe6 fxe6 20. Rxe6
Qd5 21. Rxg6+ Kh8 22. Rd6 Qg8 23. Qxd7 Rxf2 24. Nf6 Rxc2+ 25. Kb1 Rd2+ 26. Kc1
Rc2+ 27. Kb1 Rd2+ 28. Kc1 1/2-1/2

[Event "24. Acropolis 2009"]
[Site "Chalkida GRE"]
[Date "2009.08.13"]
[Round "4.47"]
[White "Foisor, Mihaela Veronica"]
[Black "Yildiz, Betul Cemre"]
[Result "1/2-1/2"]
[WhiteElo "2123"]
[BlackElo "2217"]
[PlyCount "81"]
[EventDate "2009.08.10"]
[EventType "swiss"]
[EventRounds "9"]
[EventCountry "GRE"]
[Source "lmi"]
[SourceDate "2009.08.10"]

1. d4 d5 2. c4 dxc4 3. Nf3 Nf6 4. e3 e6 5. Bxc4 a6 6. a4 c5 7. O-O Nc6 8. Qe2
Be7 9. Rd1 O-O 10. Nc3 Qc7 11. b3 cxd4 12. exd4 Na5 13. Ne5 Nxb3 14. Bxb3 Qxc3
15. Rb1 Rd8 16. Bd2 Qc7 17. Rdc1 Qd6 18. Ba5 Rf8 19. Nc4 Qxd4 20. Nb6 Rb8 21.
Rc4 Qd6 22. Rd1 Nd5 23. Rc2 Nf4 24. Qf3 Nd5 25. Bxd5 exd5 26. Nxd5 Bd8 27. Bb4
Qg6 28. Bxf8 Bg4 29. Qg3 Qxc2 30. Ne3 Qc8 31. Bxg7 Bc7 32. f4 Kxg7 33. Nxg4
Bb6+ 34. Kh1 Qf5 35. Qc3+ f6 36. h3 Rd8 37. Re1 Rd7 38. Qg3 Kf8 39. Qc3 Kg7 40.
Qg3 Kf8 41. Qc3 1/2-1/2

[Event "24. Acropolis 2009"]
[Site "Chalkida GRE"]
[Date "2009.08.13"]
[Round "4.48"]
[White "Makka, Ioulia"]
[Black "Papadopoulou, Vera"]
[Result "1/2-1/2"]
[WhiteElo "2212"]
[BlackElo "2160"]
[PlyCount "65"]
[EventDate "2009.08.10"]
[EventType "swiss"]
[EventRounds "9"]
[EventCountry "GRE"]
[Source "lmi"]
[SourceDate "2009.08.10"]

1. e4 c5 2. Nf3 d6 3. d4 cxd4 4. Nxd4 Nf6 5. Nc3 Nc6 6. Be2 e5 7. Nf3 h6 8. O-O
Be6 9. Re1 Be7 10. Bf1 O-O 11. Nd5 Bxd5 12. exd5 Nb8 13. a4 a5 14. b3 Nfd7 15.
Ba3 f5 16. Nd2 b6 17. Bb5 Nc5 18. Nc4 Ra7 19. c3 Ne4 20. Qc2 Bh4 21. Rf1 Be7
22. b4 Qc7 23. f3 Ng5 24. Qf2 Rb7 25. Bc1 f4 26. Qc2 Rf6 27. Qd3 Bd8 28. Bd2
Qc8 29. Rab1 Re7 30. Rbe1 Nd7 31. Bc1 Nf8 32. Nd2 Ng6 33. Ne4 1/2-1/2

[Event "24. Acropolis 2009"]
[Site "Chalkida GRE"]
[Date "2009.08.14"]
[Round "5.2"]
[White "Yakovich, Yuri"]
[Black "Belov, Vladimir"]
[Result "1/2-1/2"]
[WhiteElo "2576"]
[BlackElo "2627"]
[PlyCount "47"]
[EventDate "2009.08.10"]
[EventType "swiss"]
[EventRounds "9"]
[EventCountry "GRE"]
[Source "lmi"]
[SourceDate "2009.08.10"]

1. d4 Nf6 2. c4 g6 3. Nc3 d5 4. Qb3 dxc4 5. Qxc4 Bg7 6. e4 O-O 7. Be2 a6 8. Be3
b5 9. Qb3 c5 10. dxc5 Be6 11. Qc2 Nc6 12. Nf3 b4 13. Na4 b3 14. axb3 Nb4 15.
Qb1 Bxb3 16. Nd4 Bxa4 17. Rxa4 a5 18. O-O Qc7 19. Nc2 Qd7 20. Ra3 Nc6 21. f3
Rab8 22. b3 Qc7 23. Rd1 Nh5 24. Bf2 1/2-1/2

[Event "24. Acropolis 2009"]
[Site "Chalkida GRE"]
[Date "2009.08.14"]
[Round "5.3"]
[White "Smirin, Ilia"]
[Black "David, Alberto"]
[Result "0-1"]
[WhiteElo "2650"]
[BlackElo "2565"]
[PlyCount "60"]
[EventDate "2009.08.10"]
[EventType "swiss"]
[EventRounds "9"]
[EventCountry "GRE"]
[Source "lmi"]
[SourceDate "2009.08.10"]

1. e4 c5 2. Nf3 e6 3. d4 cxd4 4. Nxd4 a6 5. Nc3 Qc7 6. Bd3 Nf6 7. O-O Bd6 8.
Kh1 Nc6 9. Nxc6 dxc6 10. f4 e5 11. f5 h5 12. a4 a5 13. Nb1 Bc5 14. Nd2 b6 15.
Nb3 Be7 16. Be3 Bb7 17. Nd2 Rd8 18. Qf3 Kf8 19. Nc4 c5 20. Ra3 Bc6 21. Re1 Kg8
22. Raa1 h4 23. b3 h3 24. g4 Rh4 25. Rg1 Qb7 26. Nxe5 Bxe4 27. Bxe4 Nxe4 28. g5
Bd6 29. Rad1 Re8 30. Rxd6 Nxd6 0-1

[Event "24. Acropolis 2009"]
[Site "Chalkida GRE"]
[Date "2009.08.14"]
[Round "5.5"]
[White "Papaioannou, Ioannis"]
[Black "Muzychuk, Anna"]
[Result "1/2-1/2"]
[WhiteElo "2624"]
[BlackElo "2542"]
[PlyCount "36"]
[EventDate "2009.08.10"]
[EventType "swiss"]
[EventRounds "9"]
[EventCountry "GRE"]
[Source "lmi"]
[SourceDate "2009.08.10"]

1. d4 f5 2. g3 Nf6 3. Bg2 g6 4. c3 Bg7 5. Qb3 Nc6 6. Nh3 e5 7. dxe5 Nxe5 8. O-O
c6 9. Nd2 Qe7 10. Nf4 d6 11. Nf3 Ne4 12. Be3 Qf7 13. Nxe5 dxe5 14. Nd3 Nd6 15.
Bc5 Ne4 16. Be3 Nd6 17. Bc5 Ne4 18. Be3 Nd6 1/2-1/2